000 00663nam a2200241Ia 4500
003 OSt
005 20221005122304.0
006 a|||||r|||| 00| 0
007 ta
008 221004b |||||||| |||| 00| 0 urd d
020 _c150
024 _a112489
037 _b5728/1, 13/03/2010, Modern Publishing House
_cTextual
040 _aCRL
_cCRL
_burd
041 _2urd
_aurd
082 _aO168,1:gN, P5
100 _aBarelvi Ibadat
245 0 _aJadeed shayari
260 _c2005
650 _aURDU LITERATURE
942 _hO168,1:gN, P5
_cTEXL
_2cc
999 _c1043838
_d1043838